| 000 | 01362nam a22002777a 4500 | ||
|---|---|---|---|
| 999 |
_c56917 _d56917 |
||
| 003 | Ge_BSU | ||
| 005 | 20190618174318.0 | ||
| 008 | 190618b2019 ge ||||| |||| 00| 0 geo d | ||
| 020 | _a9789941956768 | ||
| 041 | _ageo | ||
| 080 | _a574 ქ-34 | ||
| 100 |
_aქაჯაია, გია. _92561 |
||
| 245 |
_aეკოლოგია, რელიგია, ეთიკა = Ecology, religion, ethnics _b(პლანეტის ეკოლოგიური პრობლემები და ზნეობრივი ფასეულობები) / _c გია ქაჯაია ; რედ : ნანა სიხარულიძე. |
||
| 264 |
_aთბილისი, _c2019. |
||
| 300 |
_a134 გვ. : _bსურ. ; _c20 სმ. |
||
| 500 | _aსაძიებლები: გვ. 126-132. | ||
| 504 | _aბიბლიოგრ.: გვ. 119-125. | ||
| 653 | _aეკოლოგია | ||
| 653 | _aრელიგია | ||
| 653 | _aეთიკა | ||
| 700 |
_a სიხარულიძე, ნანა _eრედაქტორი _92562 |
||
| 710 | _4ილიას სახელმწ. უნ-ტი | ||
| 710 |
_aზოოლოგიის ინ-ტი _92563 |
||
| 710 |
_aHabu - გერმანიის გარემოს დაცვის კავშირი _92564 |
||
| 942 |
_2udc _cBK |
||